02523cam a22003975a 450000100090000000300090000900500170001800800410003502000180007604000340009408200200012810000770014824501120022524600390033725000200037626400440039630000470044033600260048733700280051333800270054150400520056850505350062052002880115565000460144365000520148965100100154165300170155165300260156865500240159470000560161885600600167494200280173499900170176295201770177995201690195617637280EG-ScBUE20220427134341.0130225s2014 enka f b 001 0 eng d a9781444146608 aDLCbengerdacDLCdEG-ScBUE 04222a410.18bHAL1 aHalliday, M. A. K.q(Michael Alexander Kirkwood),d1925-eauthor.93425910aHalliday's introduction to functional grammar /cM.A.K. Halliday ; revised by Christian M.I.M. Matthiessen.30aIntroduction to functional grammar aFourth edition. 1aLondon ;aNew York :bRoutledge,c2014. axviii, 786 pages :billustrations ;c25 cm 2rdacontentatextbtxt 2rdamediaaunmediatedbn 2rdacarrieravolumebnc aIncludes bibliographical references and index.  a Pt. I: THE CLAUSE -- Chapter 1: The architecture of language -- Chapter 2: Towards a functional grammar -- Chapter 3: Clause as message -- Chapter 4: Clause as exchange -- Chapter 5: Clause as representation -- Pt. II: ABOVE, BELOW AND BEYOND THE CLAUSE -- Chapter 6: Below the clause: groups and phases -- Chapter 7: Above the clause: the clause complex -- Chapter 8: Group and phrase complexes -- Chapter 9: Around the clause: cohesion and discourse -- Chapter 10: Beyond the clause: metaphorical modes of expression. aHalliday's Introduction to Functional Grammar, Fourth Edition, is the standard reference text for systemic functional linguistics and an ideal introduction for you, whether you are an undergraduate or postgraduate interested in the relation between grammar, meaning and discourse.  7aFunctionalism (Linguistics)2BUEsh940300 7aGrammar, Comparative and general.2BUEsh940503 2BUEsh cAugust 2016  bHHUUEENNcOctober2016 vReading book9342321 aMatthiessen, Christian M. I. M.‏,eeditor.940627 uhttp://www.routledge.com/cw/hallidayyCompanion website 2ddce22k410.18 HALcBB c22104d22076 00102ddc40708BaccahaMAINbMAINc2NDd2016-08-02ePurchasef2016-07-24g467.00h26868l1o410.18 HALp000033050r2025-07-15 00:00:00s2017-04-26v584.00w2016-08-02yBB 00102ddc40708BaccahaMAINbMAINc2NDd2016-10-17ePurchaseg496.00h26103l3m18o410.18 HALp000033444r2025-07-15 00:00:00s2019-07-25v620.00w2016-10-17yBB